zpět

Detail výsledku týmu

U Lucerny ST, Brno

Datum a čas kvízu

26 Celkem bodů Celkový počet nahraných bodů na tomto kvízu bez doplňovacích otázek.
10. Pořadí na kvízu Konečné umístění týmu na tomto kvízu.

Zaznamenané odpovědi

# Otázka Odpověď Body Výsledky
1. Ukrajinský prezident Volodymyr... klíč od Senátu, tričko 0
2. Parlament jednoho evropského s... Rakousko 0
3. Na karlovarském filmovém festi... skoky do vody 0
4. Jak se nazývá nová sociální sí... Threads 1
5. O víkendu se v okolí Mladé Bol... Rally Bohemia 0
6. Prověříme váš přehled o histor... C) Mácha a Purkyně 1
7. Co si myslíte, mohl vojevůdce... ne 1
8. Seřaďte tyto domácí události 2... 1D 2A 3C 4B 0
9. Která z těchto historických os... B 0
10. Která z následujících událostí... C 1